Elements of power system analysis (Record no. 3209)

000 -LEADER
fixed length control field 00596nam a2200217 a 4500
001 - CONTROL NUMBER
control field 3209
003 - CONTROL NUMBER IDENTIFIER
control field BD-DhUET
008 - FIXED-LENGTH DATA ELEMENTS--GENERAL INFORMATION
fixed length control field 810331s1982 nyua 001 0 eng
020 ## - INTERNATIONAL STANDARD BOOK NUMBER
International Standard Book Number 0070612781
020 ## - INTERNATIONAL STANDARD BOOK NUMBER
International Standard Book Number 007061279X
040 ## - CATALOGING SOURCE
Original cataloging agency DLC
Transcribing agency DLC
Modifying agency BD-DhUET
082 00 - DEWEY DECIMAL CLASSIFICATION NUMBER
Classification number 623.12
Item number STE/1982
100 1# - MAIN ENTRY--PERSONAL NAME
Personal name Stevenson, William D.
245 10 - TITLE STATEMENT
Title Elements of power system analysis
250 ## - EDITION STATEMENT
Edition statement 4th ed.
260 ## - PUBLICATION, DISTRIBUTION, ETC. (IMPRINT)
Place of publication, distribution, etc. New York
Name of publisher, distributor, etc. McGraw-Hill
Date of publication, distribution, etc. 1982
300 ## - PHYSICAL DESCRIPTION
Extent xii, 436 p.
Other physical details ill.
Dimensions 25 cm.
490 ## - SERIES STATEMENT
Series statement McGRAW-HILL series in electrical engineering
650 #0 - SUBJECT ADDED ENTRY--TOPICAL TERM
Topical term or geographic name as entry element Electric power system stability
942 ## - ADDED ENTRY ELEMENTS (KOHA)
Koha item type General Book
Holdings
Not for loan Koha date last seen Withdrawn status Piece designation (barcode) Shelving location Koha normalized classification for sorting Location (home branch) Copy number Source of classification or shelving scheme Koha renewals Damaged status Price effective from Koha full call number Koha item type Sublocation or collection (holding branch) Lost status Koha date last borrowed Koha issues (times borrowed) Date acquired
 2021-09-27 110313Circulation section623_120000000000000_STE_1982Central Library, BUET1   2014-10-22623.12/STE/1982General BookCentral Library, BUET 2021-09-27522014-10-22
 2015-02-10 69178Circulation section623_120000000000000_STE_1982Central Library, BUET2   2015-02-10623.12/STE/1982General BookCentral Library, BUET   2015-02-10
 2021-08-31 78208 Circulation section623_120000000000000_STE_1982Central Library, BUET3 2 2015-02-11623.12/STE/1982General BookCentral Library, BUET 2021-08-31222015-02-11
 2015-06-24 67386Reading section623_120000000000000_STE_1982Central Library, BUET4   2015-06-24623.12/STE/1982Reading ItemCentral Library, BUET   2015-06-24
 2015-06-24 67384Reading section623_120000000000000_STE_1982Central Library, BUET5   2015-06-24623.12/STE/1982Reading ItemCentral Library, BUET   2015-06-24
 2015-06-24 67385Reading section623_120000000000000_STE_1982Central Library, BUET6   2015-06-24623.12/STE/1982Reading ItemCentral Library, BUET   2015-06-24
 2015-06-24 63905Reading section623_120000000000000_STE_1982Central Library, BUET7   2015-06-24623.12/STE/1982Reading ItemCentral Library, BUET   2015-06-24
 2015-06-25 63906Reading section623_120000000000000_STE_1982Central Library, BUET8   2015-06-25623.12/STE/1982Reading ItemCentral Library, BUET   2015-06-25
 2015-06-25 63907Reading section623_120000000000000_STE_1982Central Library, BUET9   2015-06-25623.12/STE/1982Reading ItemCentral Library, BUET   2015-06-25
 2015-06-28 63908Reading section623_120000000000000_STE_1982Central Library, BUET10   2015-06-28623.12/STE/1982Reading ItemCentral Library, BUET   2015-06-28